书目信息 |
| 题名: |
我们的营养
|
|
| 作者: | 徐安全 主编 | |
| 分册: | ||
| 出版信息: | 南京 河海大学出版社 1997.04 |
|
| 页数: | 244页 | |
| 开本: | 32开 | |
| 丛书名: | ||
| 单 册: | ||
| 中图分类: | R151 | |
| 科图分类: | ||
| 主题词: | 营养卫生 , 食品卫生 , 饮食卫生 , 食品卫生学 | |
| 电子资源: | ||
| ISBN: | 7-5630-1078-5 | |
| 000 | 00611nam0 2200229 45 | |
| 001 | 0008101088 | |
| 005 | 20000810105938.2 | |
| 010 | @a7-5630-1078-5@d8.00元 | |
| 100 | @a20000810d1997 km y0chiy0120 ea | |
| 101 | 0 | @achi |
| 105 | @a z 000yy | |
| 200 | 1 | @a我们的营养@AWo Men De Ying Yang@f徐安全 主编@FXu An Quan Zhu Bian |
| 210 | @a南京@c河海大学出版社@d1997.04 | |
| 215 | @a244页@d32开 | |
| 606 | 0 | @a营养卫生 |
| 606 | 0 | @a食品卫生 |
| 606 | 0 | @a饮食卫生 |
| 606 | 0 | @a食品卫生学 |
| 690 | @aR151@v3 | |
| 701 | 0 | @a徐安全@4主编 |
| 801 | @aCN@bPftUser@c20000810 | |
| 905 | @b102109-118@dR151@eX672@f10 | |
| 我们的营养/徐安全 主编.-南京:河海大学出版社,1997.04 |
| 244页;32开 |
| ISBN 7-5630-1078-5:8.00元 |
| ● |
| 相关链接 |
|
|
|
正题名:我们的营养
索取号:R151/X672
 
预约/预借
| 序号 | 登录号 | 条形码 | 馆藏地/架位号 | 状态 | 备注 |
| 1 | 102109 | 201021090 | 自科库401/401自科库 104排1列2层/ [索取号:R151/X672] | 在馆 | |
| 2 | 102110 | 201021107 | 自科库401/401自科库 104排1列2层/ [索取号:R151/X672] | 在馆 | |
| 3 | 102111 | 201021116 | 自科库401/401自科库 104排1列2层/ [索取号:R151/X672] | 在馆 | |
| 4 | 102112 | 201021125 | 自科库401/401自科库 104排1列2层/ [索取号:R151/X672] | 在馆 | |
| 5 | 102113 | 201021134 | 自科库401/401自科库 104排1列2层/ [索取号:R151/X672] | 在馆 | |
| 6 | 102114 | 201021143 | 自科库401/401自科库 104排1列2层/ [索取号:R151/X672] | 在馆 | |
| 7 | 102115 | 201021152 | 自科库401/401自科库 104排1列2层/ [索取号:R151/X672] | 在馆 | |
| 8 | 102116 | 201021161 | 自科库401/401自科库 104排1列2层/ [索取号:R151/X672] | 在馆 | |
| 9 | 102117 | 201021170 | 自科库401/401自科库 104排1列2层/ [索取号:R151/X672] | 在馆 | |
| 10 | 102118 | 201021189 | 自科库401/401自科库 104排1列2层/ [索取号:R151/X672] | 在馆 |